| 000 | 00427nam a2200157Ia 4500 | ||
|---|---|---|---|
| 003 | Ost | ||
| 005 | 20260225132600.0 | ||
| 008 | 260225s9999||||xx |||||||||||||| ||und|| | ||
| 040 | _cfsic | ||
| 041 | _afre | ||
| 082 | _a70.4 | ||
| 100 |
_aTALEB - IBRAHIMI _eAuteur |
||
| 245 | 0 | _aLE JEUNE MUSULMAN : | |
| 245 | 0 |
_bORGANE DES JEUNES DE L'ASSOCIATION DES OULMANS ALGERIEN ALGER 1952 - 1954 / _cTALEB - IBRAHIMI |
|
| 942 | _cكتاب | ||
| 999 |
_c34690 _d34690 |
||